UM Logo
Normal view MARC view
  • Iannuzzo, Francesco.

Entry Personal Name

Number of records used in: 2

001 - CONTROL NUMBER

  • control field: 52867

003 - CONTROL NUMBER IDENTIFIER

  • control field: OSt

005 - DATE AND TIME OF LATEST TRANSACTION

  • control field: 20240221114216.0

008 - FIXED-LENGTH DATA ELEMENTS

  • fixed length control field: 240221|| aca||aabn | a|a d

040 ## - CATALOGING SOURCE

  • Original cataloging agency: OSt
  • Transcribing agency: OSt

100 ## - HEADING--PERSONAL NAME

  • Personal name: Iannuzzo, Francesco.
  • Relator term: author.

670 ## - SOURCE DATA FOUND

  • Source citation: Work cat.: (OSt): Xue, Pen. author. 52866, Self-sustained turn-off oscillation of cascode GaN HEMTs: , May 2022.